| 000 | 00533nam a22002051a 4500 | ||
|---|---|---|---|
| 001 | 11583 | ||
| 003 | OSt | ||
| 005 | 20260204212248.0 | ||
| 008 | 130123s2011||||mx ||||||b||||||||||spa|| | ||
| 020 | _a9786074815191 | ||
| 050 | _a658.8 L165m | ||
| 100 | _aLamb, Charles W. | ||
| 245 | _aMarketing / Charles W. Lamb, Joseph F. Hair y Carl Mc Daniel | ||
| 250 | _a11 | ||
| 264 | _aMéxico: Edams | ||
| 300 | _a777 p | ||
| 650 | _aAdministración de Mercadotecnia | ||
| 700 | _aMc Daniel, Carl II.Hair JosephÌ | ||
| 942 |
_2ddc _cBK |
||
| 999 |
_c11583 _d11583 |
||